YouTubers - Statistics

General Stats
  • This quiz has been taken 648 times
  • The average score is 4 of 9
Answer Stats
Hint Answer % Correct
___ Meal Time Epic
79%
Ray ___ Johnson William
69%
Hank & John ___ Green
66%
___ vs. ___ Prank
61%
Shay Carl and the ___ Shaytards
44%
It's Kingsley ___ Bitch
43%
___ McDonnell Charlie
40%
Alex ___ Day
27%
DeStorm ___ Power
20%
No matching quizzes found
Score Distribution
Percent of People with Each Score
Percentile by Number Answered
Your Score History
You have not taken this quiz